Pays d’origine des immigrés au Luxembourg - Statistiques

Statistiques générales
  • Ce quiz a été pris 140 fois
  • Le résultat moyen est 12 sur 19
Statistiques - réponses
Nombre Pays % Correct
49 185 France
99%
18 582 Belgique
95%
12 288 Allemagne
93%
25 374 Italie
87%
2 248 Maroc
84%
86 671 Portugal
84%
3 601 Royaume-Uni
84%
2 182 États-Unis
77%
4 755 Chine
70%
2 438 Russie
70%
3 504 Brésil
63%
5 474 Inde
63%
5 597 Ukraine
55%
205 Australie
43%
3 959 Syrie
35%
590 Colombie
22%
2 894 Cap-Vert
16%
2 808 Monténégro
9%
2 619 Érythrée
4%
Aucun quiz correspondant
Distribution des résultats
% des personnes avec chaque résultat
Percentile par nombre de réponses
Votre historique - résultats
Vous n’avez pas pris ce quiz